000 00315nam a2200133Ia 4500
008 191201s2003 xx 000 0 und d
100 _aNORTON, Peter
245 0 _aComplete Guide to Networking
250 _a1st
260 _aN.Delhi
_bTech media
_c2003
300 _a576
650 _aB.Tech(CSE)
942 _2ddc
_cBK
999 _c1277
_d1277